| 000 | 00998nam a22003017a 4500 | ||
|---|---|---|---|
| 001 | 200461190 | ||
| 003 | TR-AnTOB | ||
| 005 | 20240625101730.0 | ||
| 008 | 240625b tu ||||| |||| 00| 0 tur d | ||
| 020 | _a9786059799423 | ||
| 040 |
_aTR-AnTOB _beng _erda _cTR-AnTOB |
||
| 041 | _atur | ||
| 092 |
_a813.42 _bHEP 2019 |
||
| 100 | 1 |
_aHepçilingirler, Feyza _eauthor. _99870 |
|
| 245 |
_aİnsanları da küçültebilir misin? / _cFeyza Hepçilingirler ; kapak tasarımı ve çizimler : Yusuf Tansu Özel ; editör : Alkım Özalp |
||
| 250 | _a3.bs. | ||
| 260 |
_aİstanbul : _bKırmızı Kedi Yayınevi ; _c2019. |
||
| 300 |
_a59 Pages. : _bill. ; _c19 cm. |
||
| 336 |
_atext _btxt _2rdacontent |
||
| 337 |
_aunmediated _bn _2rdamedia |
||
| 338 |
_avolume _bnc _2rdacarrier |
||
| 490 |
_aKırmızı Kedi Yayınevi _v515 |
||
| 653 | _aTürk edebiyatı | ||
| 700 | 1 |
_aÖzel, Yusuf Tansu _eillusturator. _9144182 |
|
| 942 |
_2ddc _cBK |
||
| 999 |
_c200461190 _d79402 |
||